000 00889cam a2200277 i 4500
001 2033971
003 EG-ScBUE
005 20250729102909.0
008 921201s1993 dcua f 001 0 eng d
020 _a0841225028
040 _aDLC
_beng
_erda
_cDLC
_dDLC
_dEG-ScBUE
082 0 4 _a543.01
_222
_bREA
110 2 _aAmerican Chemical Society.
245 1 0 _aReagent chemicals :
_bAmerican Chemical Society specifications, official from April 1, 1993.
250 _aEighth edition.
264 1 _aWashington :
_bAmerican Chemical Society,
_c1993.
300 _aix, 806 pages :
_billustrations ;
_c24 cm
336 _2rdacontent
_atext
_btxt
337 _aunmediated
_2rdamedia
_bn
338 _avolume
_bnc
_2rdacarrier
500 _aIncludes index.
650 7 _aChemical tests and reagents.
_2BUEsh
653 _bGGEN
_bENGCHE
_cDecember2017
655 _vReading book
942 _2ddc
_cBB
999 _c25773
_d25745